000 00322nam a22001457a 4500
003 OSt
005 20220214092529.0
008 220214b |||||||| |||| 00| 0 eng d
020 _a0340759690
040 _cHU
082 _a627.23
100 _aDowns
_930331
245 _aRiver Channel Management
942 _2ddc
_cBOOKS
_n0
999 _c30106
_d30106